| 000 | 00483 a2200205 4500 | ||
|---|---|---|---|
| 041 | _aEng | ||
| 082 |
_a370 _bSt42c |
||
| 100 |
_aStenhouse, Lawrence _917923 |
||
| 245 | _aCulture and education | ||
| 260 |
_aLondon _bNelson _c1967 |
||
| 300 | _aviii, 156p. | ||
| 504 | _aBibliography: p. 155-156 | ||
| 518 | _a2067-11-4 | ||
| 650 | _aCulture | ||
| 650 |
_aClassrooms _917382 |
||
| 650 |
_aCurriculum _94921 |
||
| 650 | _aTeachers | ||
| 653 | _aEducation | ||
| 942 |
_2ddc _cGEN |
||
| 999 |
_c58162 _d58154 |
||